000 00701nam a2200229Ia 4500
005 20231128100227.0
008 131103s9999 xx 000 0 und d
040 _aLoreto College
041 _aEnglish
082 _a327
_bJAN
100 _aJanowsky, Oscar I.
245 _aFoundations of Israel
_b emergence of a welfare state
_cOscar I. Janowsky
260 _aPrinceton
_bVan Nostrand
_c[19-?]
300 _a192 p.
_b ill.,maps
440 _aAn Anvil original ; no. 41
504 _aIncludes bibliographical references and index
630 _aIsrael - Foreign Policy
650 _aPolitics - International Relations -
651 _aPolitical Science -
850 _aLCLIB
942 _cBK
999 _c1350
_d51829